01178nam a2200193Ia 4500001001000000003001000010008004100020040002500061041001300086100002700099245006600126250001100192260009200203300002800295500026200323501011400585520026200699650002300961L234-7159IT-CnALBA170116s9999||||xx |||||||||||||| ||und|| aIT-CnALBAcIT-CnALBA aITALIANO aCUTTAZ FRANCOIS, MONS. 0aLA NOSTRA VITA DI GRAZIA. LE SUE MERAVIGLIE E I SUOI TESORI.  a2a ed. aCINISELLO BALSAMO (MI)bEDIZIONI PAOLINEc1964 [1° Ed.:1960 - Ed.Ling.Originale: 1955] a456 p. (prefazione: 56) aTRADUZIONE DAL FRANCESE DI MARTINETTO ENRICO. EFFETTI DELLA GRAZIA. SEME DI GLORIA. RISURREZIONE DEL CORPO. ADOZIONE DIVINA. FIGLI DI DIO. FRATELLI IN CRISTO. LA GIUSTIFICAZIONE. PRESENZA. VIRTÙ INFUSE. GRAZIA ATTUALE. DONI DELLO SPIRITO. IL MERITO. SODDI aSocietà San Paolo EM - Piazza San Paolo, 14 - 12051 ALBA (CN) (non commercial uses only) ® Copyright 2017 aTRADUZIONE DAL FRANCESE DI MARTINETTO ENRICO. EFFETTI DELLA GRAZIA. SEME DI GLORIA. RISURREZIONE DEL CORPO. ADOZIONE DIVINA. FIGLI DI DIO. FRATELLI IN CRISTO. LA GIUSTIFICAZIONE. PRESENZA. VIRTÙ INFUSE. GRAZIA ATTUALE. DONI DELLO SPIRITO. IL MERITO. SODDI aSALVEZZA CRISTIANA